[Event "MSU Interuniversity Cup"]
[Site "Moscow RUS"]
[Date "2023.05.17"]
[Round "6.1"]
[White "Yeremyan, Alen"]
[Black "Pavlov, Mikhail"]
[Result "1-0"]
[WhiteElo "2287"]
[BlackElo "2111"]
[PlyCount "75"]
[EventDate "2023.05.15"]
[EventType "team (rapid)"]
[EventRounds "9"]
[EventCountry "RUS"]
[SourceTitle "CBM 214 Extra"]
[Source "ChessBase"]
[SourceDate "2023.07.31"]
[SourceVersion "1"]
[SourceVersionDate "2023.07.31"]
[SourceQuality "1"]
[WhiteTeam "Armenia"]
[BlackTeam "SPbGU"]
[WhiteTeamCountry "ARM"]
[BlackTeamCountry "RUS"]

1. c4 Nf6 2. Nf3 g6 3. g3 Bg7 4. Bg2 0-0 5. 0-0 c5 6. Nc3 Nc6 7. d4 d6 8. dxc5 dxc5 9. Bf4 Be6 10. Ne5 Nxe5 11. Bxe5 Qb6 12. Na4 Qa5 13. Qc2 Rad8 14. Rfd1 Bf5 15. Qb3 Rxd1+ 16. Rxd1 Rd8 17. Nc3 Rxd1+ 18. Qxd1 Be6 19. b3 Nd7 20. Bxg7 Kxg7 21. Qa1 f6 22. Bxb7 Ne5 23. Qc1 h5 24. Bg2 Qb4 25. Qe3 Qa5 26. h3 Bc8 27. f4 Nf7 28. Kh2 e5 29. Ne4 Qxa2 30. fxe5 Nxe5 31. Qxc5 Qxe2 32. Qe7+ Nf7 33. Qxf6+ Kf8 34. Ng5 Qe7 35. Nh7+ Ke8 36. Qxg6 h4 37. Nf6+ Kd8 38. Qg8+ 1-0

[Event "St Petersburg Amir Cup Blitz"]
[Site "St Petersburg"]
[Date "2021.05.23"]
[Round "1"]
[White "Gabitov, Ruslan"]
[Black "Pavlov, Mikhail"]
[Result "1-0"]
[WhiteElo "2150"]
[BlackElo "2099"]
[PlyCount "89"]
[EventDate "2021.05.23"]
[EventType "swiss (blitz)"]
[EventRounds "11"]
[EventCountry "RUS"]
[SourceTitle "CBM 202 Extra"]
[Source "ChessBase"]
[SourceDate "2021.07.31"]
[SourceVersion "1"]
[SourceVersionDate "2021.07.31"]
[SourceQuality "1"]

1. d4 f5 2. Nc3 Nf6 3. Bg5 e6 4. e4 fxe4 5. Nxe4 Be7 6. Bxf6 Bxf6 7. Nf3 Nc6 8. c3 d6 9. Bd3 Bd7 10. Qc2 Qe7 11. Nxf6+ Qxf6 12. Bxh7 0-0-0 13. Be4 e5 14. dxe5 Nxe5 15. 0-0-0 Rdf8 16. Nxe5 Qxe5 17. g3 Qc5 18. f4 Bg4 19. Rde1 Qc4 20. Qb3 Qa6 21. Kb1 Re8 22. Bc2 Bf3 23. Rxe8+ Rxe8 24. Rc1 Qe2 25. a3 Qxh2 26. Qf7 Qh5 27. Bf5+ Kb8 28. Qxh5 Bxh5 29. Rh1 g6 30. Bc2 a6 31. f5 Rg8 32. g4 Bxg4 33. fxg6 Kc8 34. Rh7 Kd8 35. Kc1 Bf3 36. Bf5 c5 37. Rd7+ Ke8 38. Rxd6 Ke7 39. Rd7+ Kf6 40. Bc2 Bc6 41. Rf7+ Ke6 42. Kd2 Be8 43. Rxb7 Bxg6 44. Rb6+ Kf7 45. Bb3+ 1-0

[Event "Hastings Masters op 95th"]
[Site "Hastings"]
[Date "2020.01.05"]
[Round "9"]
[White "Fishbein, Mitch"]
[Black "Pavlov, Mikhail"]
[Result "1-0"]
[WhiteElo "2151"]
[BlackElo "1955"]
[PlyCount "59"]
[EventDate "2019.12.28"]
[EventType "swiss"]
[EventRounds "9"]
[EventCountry "ENG"]
[SourceTitle "CBM 194 Extra"]
[Source "ChessBase"]
[SourceDate "2020.03.31"]
[SourceVersion "1"]
[SourceVersionDate "2020.03.31"]
[SourceQuality "1"]

1. Nf3 Nf6 2. c4 c5 3. Nc3 e6 4. g3 b6 5. Bg2 Bb7 6. 0-0 Be7 7. b3 0-0 8. Bb2 a6 9. e3 d5 10. Rc1 dxc4 11. bxc4 Qc7 12. Qe2 Rd8 13. a4 Nc6 14. Ne1 Rac8 15. f4 Nb4 16. Rd1 Bxg2 17. Kxg2 Qc6+ 18. Qf3 Nd3 19. Nxd3 Rxd3 20. Qxc6 Rxc6 21. Kf3 Rcd6 22. Ke2 Rd7 23. Rf3 e5 24. fxe5 Ng4 25. Nd5 Rb3 26. Bc3 Bd8 27. h3 Rxc3 28. dxc3 Nxe5 29. Rf5 f6 30. Rxe5 1-0

[Event "Chigorin Memorial 27th"]
[Site "St Petersburg"]
[Date "2019.10.12"]
[Round "8"]
[White "Pavlov, Mikhail"]
[Black "Paltusov, Sergei"]
[Result "1/2-1/2"]
[WhiteElo "2034"]
[BlackElo "1798"]
[PlyCount "98"]
[EventDate "2019.10.05"]
[EventType "swiss"]
[EventRounds "9"]
[EventCountry "RUS"]
[SourceTitle "EXT 2021"]
[Source "ChessBase"]
[SourceDate "2020.10.23"]
[SourceVersion "1"]
[SourceVersionDate "2020.10.23"]
[SourceQuality "1"]

1. e4 c6 2. d4 d5 3. e5 Bf5 4. Nc3 e6 5. g4 Bg6 6. Nge2 f6 7. Nf4 Bf7 8. Qe2 fxe5 9. Qxe5 Bd6 10. Qxg7 Qf6 11. Qxf6 Nxf6 12. f3 Nbd7 13. Bd2 e5 14. dxe5 Nxe5 15. Kf2 0-0 16. Nd3 Bg6 17. Kg2 Nc4 18. Bh6 Rfe8 19. b3 Ne3+ 20. Bxe3 Rxe3 21. Nd1 Re7 22. N1f2 Rae8 23. Rd1 Re3 24. h4 h5 25. g5 Ng4 26. Rd2 Nxf2 27. Rxf2 c5 28. Nc1 Rc3 29. Bd3 Bxd3 30. Nxd3 c4 31. Re1 Rxe1 32. Nxe1 Re3 33. Rd2 Rxe1 34. Rxd5 Re2+ 35. Kf1 Re6 36. bxc4 Bg3 37. g6 Rxg6 38. Rxh5 Kg7 39. Rb5 b6 40. Rd5 Kh7 41. c5 Bxh4 42. cxb6 axb6 43. Ke2 Rg2+ 44. Kd3 Bf2 45. a4 Be1 46. Rd7+ Kh6 47. Rd6+ Rg6 48. Rxg6+ Kxg6 49. Kc4 Kf5 1/2-1/2

[Event "Chigorin Memorial 27th"]
[Site "St Petersburg"]
[Date "2019.10.10"]
[Round "6"]
[White "Pavlov, Mikhail"]
[Black "Goltseva, Ekaterina"]
[Result "0-1"]
[WhiteElo "2034"]
[BlackElo "2317"]
[PlyCount "82"]
[EventDate "2019.10.05"]
[EventType "swiss"]
[EventRounds "9"]
[EventCountry "RUS"]
[SourceTitle "EXT 2020"]
[Source "ChessBase"]
[SourceDate "2019.10.17"]
[SourceVersion "1"]
[SourceVersionDate "2019.10.17"]
[SourceQuality "1"]

1. e4 e5 2. Nf3 Nc6 3. Bb5 a6 4. Ba4 Nf6 5. 0-0 Be7 6. Re1 b5 7. Bb3 d6 8. c3 0-0 9. h3 Nd7 10. d4 Bf6 11. a4 Rb8 12. axb5 axb5 13. Na3 b4 14. Nc4 bxc3 15. bxc3 exd4 16. cxd4 Nxd4 17. Nxd4 Bxd4 18. Qxd4 Rxb3 19. Na5 Rb6 20. Be3 Ra6 21. Rec1 c5 22. Qd2 Qf6 23. Bg5 Qe6 24. Bf4 Ne5 25. f3 Qf6 26. Rab1 Be6 27. Rd1 c4 28. Rb5 Nd3 29. Bg5 Qg6 30. Kh2 h6 31. Be3 Qf6 32. f4 Rfa8 33. f5 Bd7 34. Rd5 Bc6 35. Bd4 Qh4 36. Nxc6 Rxc6 37. Qe3 Qf4+ 38. Qxf4 Nxf4 39. Rb5 c3 40. Be3 c2 41. Rf1 Nd3 0-1

[Event "Chigorin Memorial 27th"]
[Site "St Petersburg"]
[Date "2019.10.07"]
[Round "3"]
[White "Ananjev, Ilija"]
[Black "Pavlov, Mikhail"]
[Result "0-1"]
[WhiteElo "1741"]
[BlackElo "2034"]
[PlyCount "66"]
[EventDate "2019.10.05"]
[EventType "swiss"]
[EventRounds "9"]
[EventCountry "RUS"]
[SourceTitle "EXT 2020"]
[Source "ChessBase"]
[SourceDate "2019.10.17"]
[SourceVersion "1"]
[SourceVersionDate "2019.10.17"]
[SourceQuality "1"]

1. Nf3 c5 2. c4 Nf6 3. g3 b6 4. Bg2 Bb7 5. 0-0 e6 6. Nc3 Be7 7. b3 0-0 8. Bb2 a6 9. d4 cxd4 10. Qxd4 Nc6 11. Qd2 Qc7 12. e4 d6 13. Rfd1 Rfd8 14. Rac1 Rac8 15. h3 Qb8 16. Qe3 Ba8 17. Na4 Nd7 18. e5 b5 19. exd6 Bxd6 20. c5 Bxg3 21. fxg3 bxa4 22. Qg5 f6 23. Qg4 Kh8 24. Qxe6 Nf8 25. Qg4 axb3 26. axb3 Qxb3 27. Rxd8 Rxd8 28. Bc3 Qa3 29. Qf4 Ne6 30. Qe3 Nxc5 31. Bd4 Qxe3+ 32. Bxe3 Ne6 33. Rc2 Kg8 0-1

[Event "Chigorin Memorial 27th"]
[Site "St Petersburg"]
[Date "2019.10.05"]
[Round "1"]
[White "Volkov, Sergey"]
[Black "Pavlov, Mikhail"]
[Result "1-0"]
[WhiteElo "2557"]
[BlackElo "2034"]
[PlyCount "73"]
[EventDate "2019.10.05"]
[EventType "swiss"]
[EventRounds "9"]
[EventCountry "RUS"]
[SourceTitle "EXT 2020"]
[Source "ChessBase"]
[SourceDate "2019.10.17"]
[SourceVersion "1"]
[SourceVersionDate "2019.10.17"]
[SourceQuality "1"]

1. d4 Nf6 2. Nf3 c5 3. d5 b5 4. Bg5 Qb6 5. Bxf6 Qxf6 6. c3 Qb6 7. e4 g6 8. h4 h5 9. a4 b4 10. a5 Qb7 11. Bc4 Bg7 12. e5 d6 13. e6 fxe6 14. a6 Qb6 15. dxe6 0-0 16. Qe2 Nc6 17. 0-0 Rb8 18. Nbd2 bxc3 19. bxc3 Bxc3 20. Qd3 Bxa1 21. Qxg6+ Bg7 22. Ng5 Rf6 23. Qe8+ Rf8 24. Qxh5 Rf6 25. Nde4 Rf4 26. Qe8+ Rf8 27. Qg6 Rf4 28. h5 Qb2 29. h6 Na5 30. Bd3 Bxa6 31. Rb1 Qxb1+ 32. Bxb1 Rxb1+ 33. Kh2 Rh4+ 34. Kg3 Rxh6 35. Qf7+ Kh8 36. Qe8+ Bf8 37. Qxf8# 1-0

[Event "St Petersburg Korchnoi Memorial op"]
[Site "St Petersburg"]
[Date "2019.08.14"]
[Round "1"]
[White "Yashmetov, Mikhail"]
[Black "Pavlov, Mikhail"]
[Result "1-0"]
[WhiteElo "2350"]
[BlackElo "1896"]
[PlyCount "67"]
[EventDate "2019.08.14"]
[EventType "swiss"]
[EventRounds "9"]
[EventCountry "RUS"]
[SourceTitle "CBM 192"]
[Source "ChessBase"]
[SourceDate "2019.10.31"]
[SourceVersion "1"]
[SourceVersionDate "2019.10.31"]
[SourceQuality "1"]

1. Nf3 Nf6 2. g3 c5 3. Bg2 g6 4. d4 cxd4 5. Nxd4 Bg7 6. 0-0 0-0 7. c4 Nc6 8. Nc3 Qb6 9. Nc2 d6 10. Ne3 Be6 11. Qb3 Qa6 12. Qb5 Qxb5 13. cxb5 Na5 14. Bd2 Rac8 15. Rac1 Nc4 16. Nxc4 Rxc4 17. Bxb7 Rb8 18. Bc6 Nd7 19. b3 Rc5 20. Ne4 Rxc1 21. Rxc1 Ne5 22. Bf4 Rc8 23. Ng5 Bf5 24. Bd5 Rxc1+ 25. Bxc1 h6 26. Nf3 Nxf3+ 27. Bxf3 Bb1 28. a4 Bd4 29. a5 Ba2 30. b6 axb6 31. a6 b5 32. Be3 Bxe3 33. fxe3 Bxb3 34. a7 1-0

[Event "Helsingor Xtracon op"]
[Site "Helsingor"]
[Date "2018.07.22"]
[Round "2"]
[White "Lye, Sverre"]
[Black "Pavlov, Mikhail"]
[Result "1/2-1/2"]
[WhiteElo "1405"]
[BlackElo "1830"]
[PlyCount "91"]
[EventDate "2018.07.21"]
[EventType "swiss"]
[EventRounds "10"]
[EventCountry "DEN"]
[SourceTitle "CBM 185 Extra"]
[Source "ChessBase"]
[SourceDate "2018.07.29"]
[SourceVersion "1"]
[SourceVersionDate "2018.07.29"]
[SourceQuality "1"]

1. e4 e6 2. d4 d5 3. e5 c5 4. c3 Qa5 5. Nd2 cxd4 6. Nb3 Qb6 7. cxd4 Nc6 8. Nf3 Bd7 9. Bd2 Nge7 10. Bd3 a5 11. Bc3 Ng6 12. g3 Nb4 13. Be2 a4 14. Nc1 a3 15. b3 Rc8 16. Qd2 Nc2+ 17. Qxc2 Bb4 18. Bc4 dxc4 19. Bxb4 Qxb4+ 20. Ke2 cxb3 21. Qxb3 Bb5+ 22. Nd3 Qxb3 23. axb3 Rc2+ 24. Ke3 Rc3 25. Rhd1 Ne7 26. Nfe1 Nf5+ 27. Kd2 Rxb3 28. Rdb1 Nxd4 29. Ke3 Nf5+ 30. Kd2 Nd4 31. Ke3 Nf5+ 32. Kd2 Rxb1 33. Rxb1 a2 34. Ra1 Bc4 35. Kc3 b5 36. Nb4 Kd7 37. Nxa2 Ra8 38. Kb2 Kc7 39. Nc3 Rxa1 40. Kxa1 Nd4 41. Ne4 h6 42. Nd6 f6 43. exf6 gxf6 44. Ne8+ Kc6 45. Nxf6 Be2 46. Kb2 1/2-1/2

[Event "Helsingor Xtracon op"]
[Site "Helsingor"]
[Date "2018.07.22"]
[Round "3"]
[White "Pavlov, Mikhail"]
[Black "Knudsen, Martin Mosgaard"]
[Result "1-0"]
[WhiteElo "1830"]
[BlackElo "1590"]
[PlyCount "65"]
[EventDate "2018.07.21"]
[EventType "swiss"]
[EventRounds "10"]
[EventCountry "DEN"]
[SourceTitle "CBM 185 Extra"]
[Source "ChessBase"]
[SourceDate "2018.07.29"]
[SourceVersion "1"]
[SourceVersionDate "2018.07.29"]
[SourceQuality "1"]

1. e4 e6 2. d4 d5 3. e5 c5 4. c3 Nc6 5. Be3 cxd4 6. cxd4 Bd7 7. Nc3 Rc8 8. Nf3 f6 9. Bd3 fxe5 10. Nxe5 Nxe5 11. dxe5 Qh4 12. 0-0 Nh6 13. h3 Nf5 14. Bxf5 exf5 15. Qxd5 f4 16. e6 Bc6 17. Qf5 Qf6 18. Qxf4 a6 19. Rfe1 Qg6 20. Qg5 Qf6 21. Qg4 Be7 22. Bd4 Qg5 23. Qxg5 Bxg5 24. Ne4 Bxe4 25. Rxe4 0-0 26. Bc3 Rfe8 27. Rd1 Rc7 28. f4 Bh4 29. f5 Be7 30. Rd7 Bc5+ 31. Kh1 Rxd7 32. exd7 Rxe4 33. d8Q+ 1-0

[Event "Budapest Gyorgy Memorial 2nd"]
[Site "Budapest"]
[Date "2017.10.15"]
[Round "7.2"]
[White "Godovanchuk, Ilie"]
[Black "Pavlov, Mikhail"]
[Result "0-1"]
[WhiteElo "1081"]
[BlackElo "1849"]
[PlyCount "82"]
[EventDate "2017.10.12"]
[EventType "swiss"]
[EventRounds "7"]
[EventCountry "HUN"]
[SourceTitle "EXT 2019"]
[Source "ChessBase"]
[SourceDate "2018.10.10"]
[SourceVersion "1"]
[SourceVersionDate "2018.10.10"]
[SourceQuality "1"]

1. d4 e6 2. c4 d5 3. e3 Nf6 4. Nf3 c6 5. Nc3 Be7 6. b3 0-0 7. c5 b6 8. b4 a5 9. bxa5 bxc5 10. dxc5 Bxc5 11. Bd2 Bb4 12. Rb1 Qxa5 13. Qb3 c5 14. a4 Ba6 15. Bxa6 Nxa6 16. 0-0 Rfb8 17. Rbc1 c4 18. Qc2 Nc5 19. Ne5 Nb3 20. Rb1 Nxd2 21. Qxd2 Bxc3 22. Rxb8+ Rxb8 23. Qc2 Bxe5 24. Rb1 Rxb1+ 25. Qxb1 h6 26. f4 Bd6 27. Qd1 c3 28. Qe1 Ne4 29. h3 Bc5 30. Kh2 Qxa4 31. Qc1 c2 32. Qxc2 Qxc2 33. Kg1 Qf2+ 34. Kh2 Qg3+ 35. Kg1 Bxe3+ 36. Kh1 Nf2+ 37. Kg1 Nxh3+ 38. Kh1 Qe1+ 39. Kh2 Bxf4+ 40. g3 Qxg3+ 41. Kh1 Qg1# 0-1